[Event "Mittelfranken-chTB1 1213"]
[Site "Germany"]
[Date "2013.03.10"]
[Round "8.5"]
[White "Braun, Michael1"]
[Black "Borodulin, Vladimir"]
[Result "1-0"]
[WhiteElo "1942"]
[BlackElo "1650"]
[PlyCount "57"]
[EventDate "2012.10.07"]
[EventType "team-tourn"]
[EventRounds "9"]
[EventCountry "GER"]
[SourceTitle "EXT 2019"]
[Source "ChessBase"]
[SourceDate "2018.10.10"]
[SourceVersion "1"]
[SourceVersionDate "2018.10.10"]
[SourceQuality "1"]
[WhiteTeam "Buechenbach/Roth"]
[BlackTeam "Fuerth SZ"]
[WhiteTeamCountry "GER"]
[BlackTeamCountry "GER"]

1. e4 c5 2. Nf3 Nc6 3. d4 cxd4 4. Nxd4 g6 5. Be3 Bg7 6. c3 Nf6 7. Nd2 a6 8. Be2 0-0 9. 0-0 d5 10. Nxc6 bxc6 11. e5 Nd7 12. f4 e6 13. Nf3 Bh6 14. Bd3 Bb7 15. Qe1 c5 16. Qg3 f5 17. exf6 Rxf6 18. Qh3 Bf8 19. Ng5 Qe7 20. Rae1 h6 21. Nf3 Re8 22. Ne5 Nxe5 23. fxe5 Rxf1+ 24. Rxf1 g5 25. Bg6 Rb8 26. Qh5 Qc7 27. Bf7+ Kh8 28. Bxg5 Qxe5 29. Bf6+ 1-0

[Event "Regionalliga NO 1011"]
[Site "Bayern"]
[Date "2011.02.06"]
[Round "6.8"]
[White "Borodulin, Vladimir"]
[Black "Auburger, Philipp"]
[Result "0-1"]
[WhiteElo "1681"]
[BlackElo "1917"]
[PlyCount "70"]
[EventDate "2010.10.10"]
[EventType "team-tourn"]
[EventRounds "9"]
[EventCountry "GER"]
[SourceTitle "EXT 2012"]
[Source "ChessBase"]
[SourceDate "2011.11.24"]
[SourceVersion "1"]
[SourceVersionDate "2011.11.24"]
[SourceQuality "1"]
[WhiteTeam "Fuerth"]
[BlackTeam "Forchheim II"]
[WhiteTeamCountry "GER"]
[BlackTeamCountry "GER"]

1. e4 e5 2. Bc4 Nf6 3. d3 Nc6 4. f4 Be7 5. Nf3 d6 6. Nc3 Bg4 7. h3 Bxf3 8. Qxf3 Nd4 9. Qd1 0-0 10. Be3 c6 11. Bxd4 exd4 12. Ne2 d5 13. exd5 Nxd5 14. Bxd5 Bh4+ 15. g3 Qxd5 16. 0-0 Bd8 17. Kh2 Bc7 18. Rf2 Rfe8 19. c3 Re3 20. Qb3 Qxb3 21. axb3 dxc3 22. Nxc3 Rxd3 23. Re2 Bb6 24. b4 h6 25. Na4 Rad8 26. Nxb6 axb6 27. Ra7 Rd2 28. Rg2 Rxg2+ 29. Kxg2 Rd2+ 30. Kf3 Rxb2 31. Rxb7 Rxb4 32. Rb8+ Kh7 33. h4 g6 34. Rb7 Kg7 35. g4 b5 0-1

[Event "Bayern-ch Seniors 22nd"]
[Site "Bergen"]
[Date "2010.06.16"]
[Round "5"]
[White "Muenzenberg, Dietrich"]
[Black "Borodulin, Vladimir"]
[Result "1-0"]
[WhiteElo "1604"]
[BlackElo "1681"]
[PlyCount "53"]
[EventDate "2010.06.12"]
[EventType "swiss"]
[EventRounds "9"]
[EventCountry "GER"]
[SourceTitle "EXT 2011"]
[Source "ChessBase"]
[SourceDate "2010.11.26"]
[SourceVersion "1"]
[SourceVersionDate "2010.11.26"]
[SourceQuality "1"]

1. d4 Nf6 2. Bg5 e6 3. c4 Be7 4. Nc3 b6 5. e4 d6 6. Bd3 Bb7 7. Nge2 h6 8. Bh4 c5 9. Bxf6 Bxf6 10. d5 0-0 11. 0-0 Nd7 12. b3 Ne5 13. f4 Ng6 14. Rc1 Bd4+ 15. Kh1 exd5 16. Nxd5 Bxd5 17. cxd5 Bf6 18. Bb1 Qd7 19. Ng3 Bd4 20. Nf5 Bf6 21. Qg4 Qd8 22. Rcd1 Kh8 23. Rfe1 Ne7 24. e5 dxe5 25. fxe5 Nxf5 26. Qxf5 g6 27. Qxf6+ 1-0

[Event "Bayern-ch Seniors 22nd"]
[Site "Bergen"]
[Date "2010.06.12"]
[Round "1"]
[White "Malik, Rosemarie"]
[Black "Borodulin, Vladimir"]
[Result "0-1"]
[WhiteElo "1315"]
[BlackElo "1681"]
[PlyCount "74"]
[EventDate "2010.06.12"]
[EventType "swiss"]
[EventRounds "9"]
[EventCountry "GER"]
[SourceTitle "EXT 2011"]
[Source "ChessBase"]
[SourceDate "2010.11.26"]
[SourceVersion "1"]
[SourceVersionDate "2010.11.26"]
[SourceQuality "1"]

1. e4 c5 2. Nf3 g6 3. Nc3 Bg7 4. Be2 Nc6 5. 0-0 e6 6. d3 Nge7 7. Be3 d6 8. Rb1 a6 9. a3 0-0 10. Re1 b5 11. Bf1 e5 12. g3 Bg4 13. Bg2 Rc8 14. Ne2 Nd4 15. Nexd4 cxd4 16. Bd2 Qd7 17. b4 f5 18. Qc1 Bxf3 19. Bxf3 Rf7 20. Re2 Rcf8 21. Qf1 Qe6 22. Rb2 h6 23. Qh3 g5 24. exf5 Nxf5 25. Bg4 Qf6 26. Qg2 Rc8 27. Qd5 Rcf8 28. Bh5 Ne7 29. Bxf7+ Rxf7 30. Qa8+ Rf8 31. Qxa6 Qf3 32. Be1 Qxe2 33. Rb1 Qxc2 34. Qxd6 Qxb1 35. Qe6+ Kh8 36. Kf1 Qxd3+ 37. Kg2 Ng8 0-1

[Event "Bayern-ch Seniors 21st"]
[Site "Bergen"]
[Date "2009.06.28"]
[Round "9"]
[White "Borodulin, Vladimir"]
[Black "Levin, Benjamin"]
[Result "1-0"]
[WhiteElo "1688"]
[BlackElo "1686"]
[PlyCount "103"]
[EventDate "2009.06.20"]
[EventType "swiss"]
[EventRounds "9"]
[EventCountry "GER"]
[SourceTitle "EXT 2015"]
[Source "ChessBase"]
[SourceDate "2014.11.20"]
[SourceVersion "1"]
[SourceVersionDate "2014.11.20"]
[SourceQuality "1"]

1. e4 c5 2. Nf3 d6 3. c3 Nf6 4. e5 dxe5 5. Nxe5 Nbd7 6. Nf3 e5 7. Bc4 Be7 8. Qb3 0-0 9. 0-0 a6 10. Qd1 b5 11. Bb3 e4 12. Ne1 c4 13. Bc2 Qb6 14. h3 Bc5 15. b4 Bd6 16. a4 Bb7 17. Kh1 Bb8 18. f3 Qd6 19. f4 Qd5 20. Qe2 Re8 21. axb5 axb5 22. Rxa8 Bxa8 23. Qe3 h5 24. Bd1 Bc7 25. Nc2 Bb6 26. Nd4 Bb7 27. Na3 Bc6 28. Nac2 g6 29. Qg3 Bxd4 30. Nxd4 Kg7 31. f5 Ne5 32. Qg5 Nh7 33. Qg3 h4 34. Qxh4 Nd3 35. fxg6 fxg6 36. Be2 Bd7 37. Qg3 Rf8 38. Rxf8 Nxf8 39. Bxd3 cxd3 40. Kg1 Ne6 41. Nxe6+ Bxe6 42. Qe3 Qf5 43. g4 Qf3 44. Qxf3 exf3 45. Kf2 Bd5 46. Ke3 Kf8 47. Kxd3 Bc4+ 48. Ke3 Be2 49. g5 Ke7 50. d3 Ke6 51. Bd2 Ke5 52. Be1 1-0

[Event "Bayern-ch Seniors 21st"]
[Site "Bergen"]
[Date "2009.06.20"]
[Round "1"]
[White "Borodulin, Vladimir"]
[Black "Goy, Udo"]
[Result "0-1"]
[WhiteElo "1688"]
[BlackElo "2111"]
[PlyCount "94"]
[EventDate "2009.06.20"]
[EventType "swiss"]
[EventRounds "9"]
[EventCountry "GER"]
[SourceTitle "EXT 2015"]
[Source "ChessBase"]
[SourceDate "2014.11.20"]
[SourceVersion "1"]
[SourceVersionDate "2014.11.20"]
[SourceQuality "1"]

1. e4 d6 2. d4 Nf6 3. Nc3 g6 4. f4 c6 5. Nf3 Bg7 6. e5 dxe5 7. dxe5 Qxd1+ 8. Nxd1 Nd5 9. c3 Nd7 10. Bd3 Nc5 11. Bc2 0-0 12. 0-0 Rd8 13. Nf2 Bf5 14. Bxf5 gxf5 15. Nd4 e6 16. Nc2 a5 17. c4 Nb4 18. Nxb4 axb4 19. Be3 Bf8 20. g3 Be7 21. Kg2 Na4 22. Nd1 Rd7 23. b3 Nc5 24. Nf2 b6 25. Kf3 Rda7 26. Bxc5 Bxc5 27. Nd3 Rxa2 28. Rxa2 Rxa2 29. Nxc5 bxc5 30. Rf2 Ra1 31. Rd2 Rb1 32. Rd3 Rb2 33. h3 Kg7 34. g4 Kg6 35. Kg3 Rc2 36. Kf3 Rc3 37. Re3 fxg4+ 38. hxg4 h5 39. gxh5+ Kxh5 40. Ke4 Kg4 41. Re1 Rxb3 42. Rg1+ Rg3 43. Rf1 b3 44. Rf2 Rc3 45. Rg2+ Kh3 46. Rb2 Rxc4+ 47. Ke3 Rc3+ 0-1

[Event "Bayern-ch Seniors 20th"]
[Site "Bergen"]
[Date "2008.06.08"]
[Round "2.23"]
[White "Romanow, Werner"]
[Black "Borodulin, Vladimir"]
[Result "1-0"]
[WhiteElo "1975"]
[BlackElo "1714"]
[PlyCount "43"]
[EventDate "2008.06.07"]
[EventType "swiss"]
[EventRounds "9"]
[EventCountry "GER"]
[SourceTitle "EXT 2022"]
[Source "ChessBase"]
[SourceDate "2021.10.06"]
[SourceVersion "1"]
[SourceVersionDate "2021.10.06"]
[SourceQuality "1"]

1. c4 c5 2. Nf3 g6 3. Nc3 Bg7 4. g3 Nc6 5. Bg2 Ne5 6. Nxe5 Bxe5 7. e3 Bxc3 8. bxc3 Rb8 9. d4 b6 10. Rb1 cxd4 11. cxd4 Qc7 12. Qa4 Nf6 13. 0-0 0-0 14. Ba3 d6 15. Rbc1 Bd7 16. Qd1 Bc6 17. d5 Bb7 18. Qd4 h6 19. Rfe1 Kh7 20. e4 Rfe8 21. e5 Rg8 22. exf6 1-0